Basic rules of the Geneva Conventions and their additional protocols. (Record no. 3234)
[ view plain ]
| 000 -LEADER | |
|---|---|
| fixed length control field | 01256cam a2200337Ma 4500 |
| 001 - CONTROL NUMBER | |
| control field | ocn870117088 |
| 003 - CONTROL NUMBER IDENTIFIER | |
| control field | OCoLC |
| 005 - DATE AND TIME OF LATEST TRANSACTION | |
| control field | 20160108030430.0 |
| 008 - FIXED-LENGTH DATA ELEMENTS--GENERAL INFORMATION | |
| fixed length control field | 871014s1983 sz af 001 0 eng d |
| 040 ## - CATALOGING SOURCE | |
| Original cataloging agency | OI@ |
| Language of cataloging | eng |
| Transcribing agency | OI@ |
| Modifying agency | OCLCO |
| -- | OCLCF |
| -- | OCLCQ |
| 035 ## - SYSTEM CONTROL NUMBER | |
| System control number | (OCoLC)870117088 |
| 082 04 - DEWEY DECIMAL CLASSIFICATION NUMBER | |
| Classification number | 341.65 |
| Edition number | 19 |
| 049 ## - LOCAL HOLDINGS (OCLC) | |
| Holding library | TZAA |
| 245 00 - TITLE STATEMENT | |
| Title | Basic rules of the Geneva Conventions and their additional protocols. |
| 260 ## - PUBLICATION, DISTRIBUTION, ETC. (IMPRINT) | |
| Place of publication, distribution, etc | Geneva, Switzerland : |
| Name of publisher, distributor, etc | ICRC, |
| Date of publication, distribution, etc | ©1983. |
| 300 ## - PHYSICAL DESCRIPTION | |
| Extent | 63 pages, [8] pages of plates : |
| Other physical details | illustrations ; |
| Dimensions | 23 cm |
| 336 ## - | |
| -- | text |
| -- | txt |
| -- | rdacontent |
| 337 ## - | |
| -- | unmediated |
| -- | n |
| -- | rdamedia |
| 338 ## - | |
| -- | volume |
| -- | nc |
| -- | rdacarrier |
| 346 ## - | |
| -- | Geneva Conventions |
| 500 ## - GENERAL NOTE | |
| General note | "Understanding humanitarian law"--Prelim. |
| 500 ## - GENERAL NOTE | |
| General note | Includes index. |
| 650 #0 - SUBJECT ADDED ENTRY--TOPICAL TERM | |
| Topical term or geographic name as entry element | War |
| General subdivision | Protection of civilians. |
| 650 #0 - SUBJECT ADDED ENTRY--TOPICAL TERM | |
| Topical term or geographic name as entry element | War victims |
| General subdivision | Legal status, laws, etc. |
| 650 #0 - SUBJECT ADDED ENTRY--TOPICAL TERM | |
| Topical term or geographic name as entry element | Combatants and noncombatants (International law) |
| 650 #7 - SUBJECT ADDED ENTRY--TOPICAL TERM | |
| Topical term or geographic name as entry element | Combatants and noncombatants (International law) |
| Source of heading or term | fast |
| -- | (OCoLC)fst00868951 |
| 650 #7 - SUBJECT ADDED ENTRY--TOPICAL TERM | |
| Topical term or geographic name as entry element | War |
| General subdivision | Protection of civilians. |
| Source of heading or term | fast |
| -- | (OCoLC)fst01170362 |
| 650 #7 - SUBJECT ADDED ENTRY--TOPICAL TERM | |
| Topical term or geographic name as entry element | War victims |
| General subdivision | Legal status, laws, etc. |
| Source of heading or term | fast |
| -- | (OCoLC)fst01170695 |
| 710 2# - ADDED ENTRY--CORPORATE NAME | |
| Corporate name or jurisdiction name as entry element | International Committee of the Red Cross. |
| 994 ## - | |
| -- | C0 |
| -- | TZACH |
No items available.
